000 01077 a2200277 4500
003 Nust
005 20170207154031.0
020 _a0-201-46137-4
040 _cNust
082 _a004.6
_b4
082 _a621.398 1
082 _a621.398 1
100 1 _aAnderson, Don,
245 0 0 _aUSB system architecture (E-BOok)
_cDon Anderson
246 0 _aUniversal serial bus system architecture.
260 _aReading, Mass. :
_bAddison-Wesley Developers,
_ccop. 1997
300 _axxiv, 321 s. :
_bill.
490 0 _aPC system architecture series
505 _aPart One Overview of USB 2.0(Page-11) Part Two Low- & Full-Speed Device Operation(Page-91) Part Three High Speed Device Operation(Page-211) Part Four USB 2.0 Hub Operation withLS/FS/HS Devices(Page-275) Part Five USB Device Configuration(Page-337) Part Six USB Software Overview(Page-419)
650 0 _aComputer architecture
650 0 _aData buses (Data communication)
650 0 _aDatabussar (Datakommunikation)
650 0 _aDatabussar (Datakommunikation)
650 0 _aUSB (Computer bus)
651 _a(E-Book)
942 _2ddc
_cBK
999 _c192155
_d192155